Yellow in the Answers - Statistics

General Stats
  • This quiz has been taken 137,313 times
    22,082 since last reset
  • The average score is 12 of 20
Answer Stats
Clue Answer % Correct
The world's first national park Yellowstone
98%
Two of these can get you sent off in soccer Yellow card
93%
Tropical disease Yellow fever
90%
What the Simpsons have Yellow skin
86%
Before the internet, you found a business's telephone # in the ... Yellow pages
84%
Tells drivers to accelerate? Yellow light
82%
Nautical song by the Beatles Yellow Submarine
82%
What Dorothy followed Yellow Brick Road
80%
Signals caution at an auto race Yellow flag
74%
Also known as the Huang He Yellow River
71%
Type of wasp Yellowjacket
70%
Found between China and the Korean peninsula Yellow Sea
60%
What the leader of the Tour de France wears Yellow Jersey
49%
It's "itsy bitsy" and "teenie weenie" Yellow Polka Dot Bikini
47%
Capital of the Northwest Territories Yellowknife
37%
Lily livered Yellow bellied
35%
Sensationalist news writing Yellow journalism
31%
Robert Frost: "Two roads diverged in a ______ ____" Yellow wood
25%
Type of uranium powder Yellowcake
24%
Mythical figure credited with inventing the compass, writing, and the Chinese calendar Yellow Emperor
9%
No matching quizzes found
Score Distribution
Percent of People with Each Score
Percentile by Number Answered
Your Score History
You have not taken this quiz since the last reset